00763nam a2200193Ia 4500100002000000490000600020942000700026654001800033245006700051260003100118082001500149300000800164546001200172999001700184952009200201952009200293952009200385952009200477 aDemyanyuk/F.S.  v1 cBK atechnological aTechonlogical Principles of How line Automated Production bPergamon pressaNONEc1963 a658.5bDEM a522 aENGLISH c30437d30437 001040708CRCaCRCEbCRCEd2023-03-17l0o658.5 DEMp9715r2023-03-17w2023-03-17yBK 001040708CRCaCRCEbCRCEd2023-03-17l0o658.5 DEMp9716r2023-03-17w2023-03-17yBK 001040708CRCaCRCEbCRCEd2023-03-17l0o658.5 DEMp9717r2023-03-17w2023-03-17yBK 001040708CRCaCRCEbCRCEd2023-03-17l0o658.5 DEMp9718r2023-03-17w2023-03-17yBK